[Event "V Weekend A Dicembrino"]
[Site "Vimercate ITA"]
[Date "2011.11.27"]
[Round "4"]
[White "Grassi, Andrea"]
[Black "Tassini, Marco"]
[WhiteElo "1670"]
[BlackElo "1867"]
[Result "1/2-1/2"]
[PlyCount "83"]
[EventDate "2011.11.25"]

1. d4 e6 2. Nf3 c5 3. e3 Nf6 4. Bd3 d5 5. dxc5 Bxc5 6. O-O Nc6 7. b3 Bd7 8. Bb2
Rc8 9. Nbd2 Bd6 10. c4 Nb4 11. Be2 O-O 12. a3 Nc6 13. Rc1 Qe7 14. b4 b6 15.
cxd5 exd5 16. Nb3 Ne5 17. Nxe5 Bxe5 18. Bxe5 Qxe5 19. Nd4 Ne4 20. Qd3 Be6 21.
Rfd1 Rc4 22. Nxe6 Rxc1 23. Nxf8 Rxd1+ 24. Qxd1 Kxf8 25. Qc1 Nc3 26. Bf1 g6 27.
g3 d4 28. exd4 Qxd4 29. Qh6+ Kg8 30. Qe3 Qxe3 31. fxe3 b5 32. Bd3 a6 33. Kf2
Kg7 34. e4 Kf6 35. Bc2 Ke5 36. Ke3 h5 37. h3 g5 38. g4 h4 39. Bd3 Na4 40. Bc2
Nb6 41. Bb3 f6 42. Ba2 1/2-1/2

[Event "V Weekend A Dicembrino"]
[Site "Vimercate ITA"]
[Date "2011.11.27"]
[Round "4"]
[White "Lapiccirella, Mattia"]
[Black "Petrone, Gianmario"]
[WhiteElo "2209"]
[BlackElo "1937"]
[Result "1-0"]
[PlyCount "65"]
[EventDate "2011.11.25"]

1. d4 Nf6 2. c4 g6 3. Nc3 Bg7 4. e4 d6 5. Be2 O-O 6. Nf3 e5 7. d5 a5 8. Bg5 h6
9. Bh4 Na6 10. Nd2 Nc5 11. O-O c6 12. b3 g5 13. Bg3 cxd5 14. cxd5 Bd7 15. a3
Qe7 16. b4 Ncxe4 17. Ncxe4 Nxe4 18. Nxe4 f5 19. f3 fxe4 20. fxe4 Rxf1+ 21. Qxf1
g4 22. bxa5 Rxa5 23. Be1 Ra8 24. Bb4 Rf8 25. Qd1 Qf6 26. Qd3 Qf2+ 27. Kh1 Qd4
28. Rc1 Rf2 29. Bxd6 Qb2 30. Re1 g3 31. Bc5 Rf4 32. hxg3 Rf6 33. Rb1 1-0

[Event "V Weekend A Dicembrino"]
[Site "Vimercate ITA"]
[Date "2011.11.27"]
[Round "4"]
[White "Marchesotti, Giovanni"]
[Black "Oteri, Aldo"]
[WhiteElo "1597"]
[BlackElo "1781"]
[Result "0-1"]
[PlyCount "40"]
[EventDate "2011.11.25"]

1. g3 g6 2. Bg2 Bg7 3. c4 e5 4. Nc3 Nc6 5. Nf3 d6 6. O-O f5 7. d3 Nf6 8. Bd2
O-O 9. Qc1 Qe7 10. a3 Be6 11. Bh6 Bxh6 12. Qxh6 e4 13. dxe4 fxe4 14. Ne1 Bxc4
15. Qe3 d5 16. Nc2 Rad8 17. Nd4 Nxd4 18. Qxd4 c5 19. Qd1 d4 20. Qa4 Ba6 0-1

[Event "V Weekend A Dicembrino"]
[Site "Vimercate ITA"]
[Date "2011.11.27"]
[Round "4"]
[White "Marholev, Dimitar"]
[Black "Tahiraj, Almir"]
[WhiteElo "2372"]
[BlackElo "1799"]
[Result "1-0"]
[PlyCount "55"]
[EventDate "2011.11.25"]

1. e4 c6 2. Nc3 d5 3. Nf3 dxe4 4. Nxe4 Nd7 5. Bc4 Ngf6 6. Neg5 Nd5 7. O-O h6 8.
Ne4 N7f6 9. Nxf6+ Nxf6 10. Ne5 e6 11. d4 Bd6 12. Bf4 Qc7 13. Qf3 b5 14. Bd3 Bb7
15. Rfe1 a6 16. c4 bxc4 17. Bxc4 Kf8 18. Qh3 Nd5 19. Bxd5 cxd5 20. Nxf7 Qxf7
21. Bxd6+ Kg8 22. Qxe6 Qxe6 23. Rxe6 Kh7 24. Re7 Bc6 25. Be5 Rhg8 26. Rc1 Rac8
27. Rc3 h5 28. h4 1-0

[Event "V Weekend A Dicembrino"]
[Site "Vimercate ITA"]
[Date "2011.11.27"]
[Round "4"]
[White "Miracola, Massimiliano"]
[Black "Guzzetti, Luigi Enrico"]
[WhiteElo "2007"]
[BlackElo "1928"]
[Result "1-0"]
[PlyCount "125"]
[EventDate "2011.11.25"]

1. e4 c5 2. Nf3 e6 3. d4 cxd4 4. Nxd4 a6 5. Bd3 Nf6 6. O-O Qc7 7. Qe2 d6 8. c4
Nc6 9. Nxc6 bxc6 10. f4 e5 11. Nc3 Be7 12. Kh1 O-O 13. f5 Bb7 14. g4 h6 15. g5
hxg5 16. Bxg5 Rfd8 17. Rg1 Kf8 18. Qf2 Ke8 19. Be3 c5 20. Rxg7 Bf8 21. Rg2 Kd7
22. Rag1 Re8 23. Bc2 Bc6 24. Bg5 Be7 25. Bxf6 Bxf6 26. Ba4 Bxa4 27. Nxa4 Rh8
28. Nc3 Kc6 29. Nd5 Qd8 30. Qc2 Kb7 31. Qb3+ Ka7 32. Rg8 Rxg8 33. Rxg8 Qa5 34.
Rxa8+ Kxa8 35. Qc3 Qd8 36. Qh3 Bg5 37. Qh5 Qg8 38. Qg4 Qd8 39. f6 Bxf6 40. Qf5
Bh4 41. Qxf7 Kb8 42. Qh7 Bg5 43. Qg7 Bh4 44. Qg4 Bg5 45. a3 a5 46. a4 Bc1 47.
Qf3 Bg5 48. Qb3+ Ka7 49. Qb5 Bd2 50. Qc6 Kb8 51. Qb6+ Qxb6 52. Nxb6 Kc7 53.
Nd5+ Kd7 54. Kg2 Ke6 55. Kf3 Kf7 56. Kg4 Kg6 57. Ne7+ Kf6 58. Nc8 Bc1 59. b3
Bd2 60. Nxd6 Kg6 61. h4 Kf6 62. Nb7 Bb4 63. h5 1-0

[Event "V Weekend A Dicembrino"]
[Site "Vimercate ITA"]
[Date "2011.11.27"]
[Round "4"]
[White "Motola, Jacopo"]
[Black "Moroni, Luca jr"]
[WhiteElo "1903"]
[BlackElo "2030"]
[Result "1-0"]
[PlyCount "119"]
[EventDate "2011.11.25"]

1. e4 c5 2. Nf3 d6 3. d4 cxd4 4. Qxd4 Nc6 5. Bb5 Bd7 6. Bxc6 Bxc6 7. Nc3 Nf6 8.
Bg5 e6 9. O-O-O Be7 10. Rhe1 Qb6 11. Qxb6 axb6 12. Kb1 h6 13. Bh4 Rd8 14. h3 g5
15. Bg3 Nh5 16. Bh2 Nf4 17. Bxf4 gxf4 18. g4 fxg3 19. fxg3 h5 20. Nd4 Rg8 21.
Re3 Bf6 22. Nd5 Be5 23. Nxb6 Rxg3 24. Rxg3 Bxg3 25. Nxc6 bxc6 26. a4 Bf2 27.
Nc4 d5 28. exd5 Rxd5 29. Rf1 Ba7 30. c3 f5 31. Kc2 Ke7 32. b4 Kf6 33. Na5 Rd6
34. c4 e5 35. c5 Re6 36. Kd3 e4+ 37. Ke3 Bb8 38. Nc4 Kg5 39. h4+ Kg4 40. Nd6
Bxd6 41. cxd6 Re5 42. Rd1 f4+ 43. Ke2 e3 44. Rg1+ Kh3 45. Kf3 Kh2 46. Rd1 e2
47. Re1 Rd5 48. Rxe2+ Kh3 49. Kxf4 Rxd6 50. Re4 Rd5 51. Ke3 Rd1 52. a5 c5 53.
bxc5 Ra1 54. Kd4 Rxa5 55. Kd5 Ra6 56. c6 Ra1 57. c7 Ra8 58. Kc6 Rg8 59. Kb7 Rg7
60. Kb8 1-0

[Event "V Weekend A Dicembrino"]
[Site "Vimercate ITA"]
[Date "2011.11.27"]
[Round "4"]
[White "Pace, Pietro Dario"]
[Black "Lapiccirella, Daniele"]
[WhiteElo "2280"]
[BlackElo "2234"]
[Result "1/2-1/2"]
[PlyCount "66"]
[EventDate "2011.11.25"]

1. e4 c5 2. Nf3 d6 3. d3 d5 4. Nbd2 Nc6 5. g3 Nf6 6. Bg2 g6 7. O-O Bg7 8. Re1
O-O 9. c3 Kh8 10. a3 b6 11. Qc2 a5 12. a4 Ba6 13. Bf1 Qc7 14. Nb1 e5 15. exd5
Nxd5 16. Na3 h6 17. Bd2 Rfe8 18. Rad1 Kh7 19. Bc1 Rad8 20. Qb3 Bc8 21. Nc4 Be6
22. Qc2 f6 23. Bg2 Bf7 24. Nfd2 Rb8 25. Ne4 Red8 26. h4 Nde7 27. Ne3 Nd5 28.
Nxd5 Bxd5 29. h5 Qf7 30. hxg6+ Qxg6 31. Bf1 Kh8 32. Nd2 f5 33. Bg2 Qf7 1/2-1/2

[Event "V Weekend A Dicembrino"]
[Site "Vimercate ITA"]
[Date "2011.11.27"]
[Round "4"]
[White "Panades, Ignazio"]
[Black "Sala, Giovanni"]
[WhiteElo "1737"]
[BlackElo "1985"]
[Result "0-1"]
[PlyCount "46"]
[EventDate "2011.11.25"]

1. e4 c5 2. Nf3 d6 3. d4 cxd4 4. Nxd4 Nf6 5. Nc3 a6 6. Be2 e5 7. Nb3 Be7 8. O-O
Nbd7 9. a4 O-O 10. Be3 b6 11. f4 Bb7 12. Bf3 Re8 13. Qd3 Qc7 14. Rad1 Rac8 15.
Rfe1 Bf8 16. Nd2 Nc5 17. Qc4 Qb8 18. Qb4 d5 19. fxe5 Nd3 20. Qxb6 Nxe1 21. Rxe1
dxe4 22. exf6 exf3 23. gxf3 Rxe3 0-1

[Event "V Weekend A Dicembrino"]
[Site "Vimercate ITA"]
[Date "2011.11.27"]
[Round "4"]
[White "Pecorario, Stefano"]
[Black "Miracola, Giorgia"]
[WhiteElo "1533"]
[BlackElo "1763"]
[Result "0-1"]
[PlyCount "100"]
[EventDate "2011.11.25"]

1. e4 c5 2. Nc3 d6 3. g3 g6 4. Bg2 Bg7 5. d3 Nc6 6. Nge2 e6 7. Be3 Nd4 8. O-O
Ne7 9. Qc1 O-O 10. Bh6 Bxh6 11. Qxh6 Nxc2 12. Rac1 Nb4 13. Rfd1 Kh8 14. d4 Ng8
15. Qf4 c4 16. Qe3 Nd3 17. Rc2 Bd7 18. Nf4 Nxf4 19. Qxf4 Qe7 20. d5 e5 21. Qe3
b5 22. b3 b4 23. Nb1 c3 24. f4 a5 25. a4 f5 26. Nxc3 bxc3 27. Rxc3 exf4 28.
Qd4+ Qf6 29. exf5 Qxd4+ 30. Rxd4 Bxf5 31. Rxf4 Bd7 32. Re4 Rac8 33. Rcc4 Rxc4
34. Rxc4 Rc8 35. Rf4 Kg7 36. b4 axb4 37. Rxb4 Kf6 38. a5 Ra8 39. Rb6 Rxa5 40.
Rxd6+ Ke7 41. Rb6 Nf6 42. d6+ Ke6 43. Bc6 Bxc6 44. Rxc6 Kd7 45. Rb6 Rd5 46. Kg2
Rxd6 47. Rxd6+ Kxd6 48. Kf3 Ke5 49. h3 Kf5 50. h4 h5 0-1

[Event "V Weekend A Dicembrino"]
[Site "Vimercate ITA"]
[Date "2011.11.27"]
[Round "4"]
[White "Riboldi, Raffaele"]
[Black "Ranfagni, Stefano"]
[WhiteElo "1887"]
[BlackElo "1998"]
[Result "1/2-1/2"]
[PlyCount "90"]
[EventDate "2011.11.25"]

1. d4 e6 2. c4 f5 3. Nf3 Nf6 4. g3 c6 5. Bg2 d5 6. O-O Bd6 7. b3 Qe7 8. Nc3 O-O
9. e3 Bd7 10. Bb2 Be8 11. Qc2 Nbd7 12. Ne2 Ne4 13. Ne5 Nxe5 14. dxe5 Bc7 15. f3
Nc5 16. Rac1 dxc4 17. Qxc4 Nd7 18. f4 Nb6 19. Qc3 Bh5 20. Nd4 Rfd8 21. e4 fxe4
22. Bxe4 Nd5 23. Qd3 h6 24. Bf3 Bxf3 25. Qxf3 Bb6 26. Rfd1 Rd7 27. Kh1 Bxd4 28.
Bxd4 Qf7 29. Bc5 Qf5 30. Rf1 Rf7 31. Rc4 Qh3 32. Qg2 Qxg2+ 33. Kxg2 b6 34. Bg1
c5 35. Kf3 Raf8 36. Ke4 g5 37. Be3 Kg7 38. Rc2 a5 39. Rcf2 Rd8 40. Bd2 Rdf8 41.
f5 Nc7 42. f6+ Kg6 43. h4 Rd8 44. Be3 Nd5 45. Bd2 Nc7 1/2-1/2

[Event "V Weekend A Dicembrino"]
[Site "Vimercate ITA"]
[Date "2011.11.27"]
[Round "4"]
[White "Stella, Andrea"]
[Black "Salvador, Roland"]
[WhiteElo "2448"]
[BlackElo "2500"]
[Result "1/2-1/2"]
[PlyCount "64"]
[EventDate "2011.11.25"]

1. d4 Nf6 2. c4 g6 3. g3 d5 4. cxd5 Nxd5 5. Bg2 Bg7 6. Nf3 O-O 7. O-O c6 8. e4
Nb6 9. h3 a5 10. Nc3 a4 11. Bf4 Be6 12. Qc1 Qc8 13. Kh2 Ra5 14. Rd1 Rd8 15. Bg5
f6 16. Be3 Nc4 17. d5 Bf7 18. Bf1 Nxe3 19. Qxe3 Nd7 20. dxc6 bxc6 21. Rac1 Qb7
22. Rc2 Rf8 23. Nd2 Nb6 24. b4 axb3 25. Nxb3 Ra3 26. Nb1 Ra7 27. Rdc1 Rc8 28.
N1d2 e5 29. h4 Bf8 30. Bh3 Rc7 31. Nc5 Bxc5 32. Qxc5 Nd7 1/2-1/2

[Event "V Weekend A Dicembrino"]
[Site "Vimercate ITA"]
[Date "2011.11.27"]
[Round "5"]
[White "Attuati, Stefano"]
[Black "Panades, Ignazio"]
[WhiteElo "2006"]
[BlackElo "1737"]
[Result "1-0"]
[PlyCount "45"]
[EventDate "2011.11.25"]

1. e4 c5 2. Nf3 d6 3. d4 cxd4 4. Nxd4 Nf6 5. Nc3 a6 6. Bc4 e6 7. Bb3 Nbd7 8. f4
Nc5 9. O-O Be7 10. Qf3 O-O 11. Be3 Qc7 12. g4 b5 13. g5 Nfd7 14. f5 Ne5 15. Qh5
Nxb3 16. axb3 Re8 17. Rf4 exf5 18. Nd5 Qb7 19. Nf6+ gxf6 20. Rh4 Ng6 21. Qxh7+
Kf8 22. exf5 Nxh4 23. Qh8# 1-0

[Event "V Weekend A Dicembrino"]
[Site "Vimercate ITA"]
[Date "2011.11.27"]
[Round "5"]
[White "Bosi, Gianfranco"]
[Black "Calvi, Luca"]
[WhiteElo "1499"]
[BlackElo "1723"]
[Result "0-1"]
[PlyCount "138"]
[EventDate "2011.11.25"]

1. e4 e6 2. d4 d5 3. Nc3 Bb4 4. Bd3 Nc6 5. Nf3 Nf6 6. e5 Ne4 7. Bd2 Bxc3 8.
bxc3 Nxd2 9. Qxd2 Ne7 10. O-O Ng6 11. c4 O-O 12. c3 b6 13. cxd5 Qxd5 14. c4 Qd7
15. Be4 Rb8 16. a4 a5 17. d5 Rd8 18. Qd4 Bb7 19. Rfd1 Ne7 20. Qd3 h6 21. dxe6
Qxd3 22. exf7+ Kxf7 23. Bxd3 Bxf3 24. gxf3 Ng6 25. Bxg6+ Kxg6 26. Re1 Re8 27.
Re4 Kf5 28. Rae1 Re6 29. Kg2 g5 30. Kg3 Rd8 31. h3 Rd3 32. R1e3 Rd7 33. f4 Rd3
34. Kf3 Rxe3+ 35. fxe3 h5 36. Rd4 gxf4 37. exf4 Rc6 38. h4 Rg6 39. Rd7 Rg4 40.
Rf7+ Ke6 41. Rxc7 Rxh4 42. Rc6+ Kd7 43. Rxb6 Rh3+ 44. Ke4 Ra3 45. Rh6 Rxa4 46.
Kd4 Ra1 47. Rxh5 a4 48. Kc3 Rc1+ 49. Kb4 a3 50. Kxa3 Rxc4 51. Rf5 Ke7 52. Rf6
Rc5 53. Kb4 Rc1 54. Kb5 Rc2 55. Kb6 Rc1 56. Kb7 Rc4 57. Kb6 Rc1 58. f5 Re1 59.
Re6+ Kf7 60. Kc6 Rd1 61. Rd6 Rf1 62. Rd7+ Ke8 63. f6 Rc1+ 64. Kd6 Rd1+ 65. Ke6
Rxd7 66. f7+ Rxf7 67. Kd6 Ra7 68. Ke6 Ra6+ 69. Kf5 Ke7 0-1

[Event "V Weekend A Dicembrino"]
[Site "Vimercate ITA"]
[Date "2011.11.27"]
[Round "5"]
[White "Brociner, Beniamino"]
[Black "Coppola, Federico"]
[WhiteElo "1941"]
[BlackElo "1858"]
[Result "1/2-1/2"]
[PlyCount "59"]
[EventDate "2011.11.25"]

1. e4 c5 2. Nc3 g6 3. g3 Bg7 4. Bg2 d6 5. d3 Nf6 6. Nge2 Nc6 7. O-O O-O 8. h3
Nd4 9. f4 Ne8 10. Nxd4 Bxd4+ 11. Kh2 Nc7 12. f5 Rb8 13. Bh6 Bg7 14. Qd2 b5 15.
Nd1 b4 16. c3 bxc3 17. bxc3 d5 18. Qf4 Ba6 19. Nf2 dxe4 20. Bxg7 Kxg7 21. Bxe4
Nd5 22. Qe5+ Nf6 23. Ng4 Rb2+ 24. Kg1 Qb8 25. Qxb8 Rfxb8 26. Nxf6 exf6 27. Rf2
Rxf2 28. Kxf2 Rb2+ 29. Ke3 Rc2 30. c4 1/2-1/2

[Event "V Weekend A Dicembrino"]
[Site "Vimercate ITA"]
[Date "2011.11.27"]
[Round "5"]
[White "Ceka, Shpetim"]
[Black "Falchi, Claudio"]
[WhiteElo "1857"]
[BlackElo "1784"]
[Result "1-0"]
[PlyCount "65"]
[EventDate "2011.11.25"]

1. e4 e6 2. d4 d5 3. e5 c5 4. c3 Qb6 5. f4 Bd7 6. Nf3 cxd4 7. cxd4 Bb5 8. Bxb5+
Qxb5 9. Nc3 Qa6 10. a3 Nh6 11. b4 Bxb4 12. Bd2 Ba5 13. Rb1 Bxc3 14. Bxc3 Qxa3
15. Bb4 Qe3+ 16. Kf1 Ng4 17. Be1 O-O 18. h3 Nh6 19. Rb3 Qxf4 20. Bd2 Qe4 21.
Kf2 f6 22. Re1 Qg6 23. Rxb7 fxe5 24. Rxe5 Nc6 25. Rg5 Qf6 26. Rgxg7+ Qxg7 27.
Rxg7+ Kxg7 28. Qc1 Nf5 29. Qxc6 Nxd4 30. Bc3 e5 31. Qc7+ Kg6 32. Qd6+ Kf5 33.
Qxe5+ 1-0

[Event "V Weekend A Dicembrino"]
[Site "Vimercate ITA"]
[Date "2011.12.27"]
[Round "5"]
[White "Colombo, Luca"]
[Black "Altieri, Alberto"]
[WhiteElo "1884"]
[BlackElo "1573"]
[Result "0-1"]
[PlyCount "124"]
[EventDate "2011.11.25"]

1. e4 c6 2. d4 d5 3. Nc3 e6 4. e5 c5 5. Nf3 Qb6 6. Na4 Qa5+ 7. Nc3 Nc6 8. Bb5
Bd7 9. Bxc6 bxc6 10. Bd2 Qb6 11. Na4 Qb5 12. b3 cxd4 13. Nxd4 Qa6 14. Ne2 c5
15. Nac3 Ne7 16. O-O Ng6 17. f4 c4 18. Be3 Bb4 19. Bd4 Rc8 20. f5 exf5 21. Nxd5
Bc5 22. Bxc5 Rxc5 23. b4 Rc8 24. Qd4 O-O 25. Ndf4 Rfe8 26. Nxg6 Qxg6 27. Nf4
Qc6 28. Rfd1 Rc7 29. Kh1 Qe4 30. Qd2 c3 31. Qf2 Bc6 32. Rab1 Rce7 33. b5 Bb7
34. Nd3 Qg4 35. Re1 Be4 36. Rb4 Qg6 37. Nf4 Qh6 38. b6 axb6 39. Rxb6 Qg5 40. h4
Qg4 41. e6 fxe6 42. Re2 e5 43. Nd3 Bd5 44. Nb4 Bc4 45. Re3 e4 46. Rxc3 e3 47.
Qe1 e2 48. Rd6 Re3 49. Rxe3 Rxe3 50. Nd5 Bxd5 51. Rxd5 f4 52. Rg5 Qe6 53. Kh2
Qxa2 54. Rf5 Re4 55. Rc5 Qe6 56. Rg5 h6 57. Ra5 Qg4 58. Ra1 Re3 59. c4 Rg3 60.
Ra8+ Kf7 61. Ra7+ Kg6 62. Qb1+ Kh5 0-1

[Event "V Weekend A Dicembrino"]
[Site "Vimercate ITA"]
[Date "2011.11.27"]
[Round "5"]
[White "Corso, Gabriele"]
[Black "Maccarini, Luca Nicola"]
[WhiteElo "1694"]
[BlackElo "1915"]
[Result "1-0"]
[PlyCount "39"]
[EventDate "2011.11.25"]

1. e4 e5 2. Nf3 Nf6 3. Nxe5 d6 4. Nf3 Nxe4 5. d4 d5 6. Bd3 Bd6 7. O-O O-O 8.
Re1 Bf5 9. c4 c6 10. cxd5 cxd5 11. Ng5 Re8 12. f3 Bxh2+ 13. Kxh2 Nf2 14. Rxe8+
Qxe8 15. Qe2 Qc6 16. Bxf5 Na6 17. Be3 Re8 18. Qxf2 Qh6+ 19. Kg1 f6 20. Bxh7+
1-0

[Event "V Weekend A Dicembrino"]
[Site "Vimercate ITA"]
[Date "2011.11.27"]
[Round "5"]
[White "Damia, Angelo"]
[Black "Fusari, Paolo"]
[WhiteElo "2300"]
[BlackElo "1897"]
[Result "1-0"]
[PlyCount "73"]
[EventDate "2011.11.25"]

1. e4 e5 2. Nf3 Nc6 3. d4 exd4 4. Nxd4 Bc5 5. Nf5 g6 6. Ne3 Nf6 7. Nc3 O-O 8.
Bd3 Re8 9. O-O Nb4 10. a3 Nxd3 11. cxd3 Bf8 12. f4 c6 13. e5 Nh5 14. g4 Ng7 15.
Ne4 Be7 16. f5 d5 17. Ng3 Bh4 18. e6 fxe6 19. fxg6 hxg6 20. g5 Bxg5 21. Ng4 Nf5
22. Ne5 Kg7 23. Qg4 Qf6 24. d4 Ne3 25. Rxf6 Nxg4 26. Rxg6+ Kh7 27. Bxg5 Nxe5
28. Rh6+ Kg8 29. dxe5 Rf8 30. Bf6 Kf7 31. Rh7+ Kg6 32. Rg7+ Kh6 33. Rf1 Rxf6
34. exf6 e5 35. Rg8 Bh3 36. Rxa8 Bxf1 37. Rg8 1-0

[Event "V Weekend A Dicembrino"]
[Site "Vimercate ITA"]
[Date "2011.11.27"]
[Round "5"]
[White "Fornari, Sergio"]
[Black "Ciochetta, Giovanni"]
[WhiteElo "1661"]
[BlackElo "1584"]
[Result "1/2-1/2"]
[PlyCount "90"]
[EventDate "2011.11.25"]

1. d4 Nf6 2. Nf3 g6 3. c4 Bg7 4. Nc3 O-O 5. e4 d6 6. Bd3 Bg4 7. O-O Nc6 8. Be3
a6 9. h3 Bxf3 10. Qxf3 Nd7 11. Ne2 e5 12. d5 Nd4 13. Nxd4 exd4 14. Bd2 c5 15.
dxc6 bxc6 16. Bf4 Ne5 17. Bxe5 dxe5 18. b4 a5 19. b5 c5 20. a4 Bh6 21. Rab1 Bd2
22. Qe2 Bb4 23. f4 f6 24. fxe5 fxe5 25. Rxf8+ Qxf8 26. Qg4 Qe7 27. Rf1 Bd2 28.
h4 Kg7 29. h5 Rh8 30. Rf3 Rf8 31. hxg6 hxg6 32. Rxf8 Qxf8 33. Qf3 Bf4 34. Kf1
Qe7 35. g3 Bh6 36. Kg2 Bg5 37. Qg4 Bf6 38. Qc8 Qd8 39. Qxd8 Bxd8 40. Kf3 Kf6
41. Kg4 g5 42. Kh5 Bb6 43. Be2 Bd8 44. Kh6 Bb6 45. g4 Bd8 1/2-1/2

[Event "V Weekend A Dicembrino"]
[Site "Vimercate ITA"]
[Date "2011.11.27"]
[Round "5"]
[White "Guzzetti, Luigi Enrico"]
[Black "Carbone, Lorenzo"]
[WhiteElo "1928"]
[BlackElo "1736"]
[Result "1/2-1/2"]
[PlyCount "45"]
[EventDate "2011.11.25"]

1. e4 c5 2. Nf3 d6 3. d4 cxd4 4. Nxd4 Nf6 5. Nc3 e6 6. Be2 Be7 7. O-O O-O 8. a4
Nc6 9. Be3 Nxd4 10. Bxd4 Bd7 11. f4 Bc6 12. Bf3 a6 13. Qe1 Qc7 14. Qf2 b5 15.
axb5 axb5 16. Rxa8 Rxa8 17. e5 Nd5 18. Qg3 Bf8 19. exd6 Qxd6 20. Bxd5 Bxd5 21.
Nxd5 Qxd5 22. c3 Ra2 23. b4 1/2-1/2

[Event "V Weekend A Dicembrino"]
[Site "Vimercate ITA"]
[Date "2011.11.27"]
[Round "5"]
[White "Lancianese, Giuseppe"]
[Black "Ferrari, Paolo"]
[WhiteElo "1717"]
[BlackElo "1711"]
[Result "1-0"]
[PlyCount "65"]
[EventDate "2011.11.25"]

1. d4 Nf6 2. Nf3 d5 3. Bf4 e6 4. e3 Nbd7 5. Bd3 Be7 6. Nbd2 O-O 7. O-O b6 8.
Ne5 Bb7 9. c4 c5 10. Ndf3 Nh5 11. Nxd7 Qxd7 12. Bxh7+ Kxh7 13. Ne5 Qd8 14.
Qxh5+ Kg8 15. dxc5 bxc5 16. cxd5 exd5 17. Rfd1 d4 18. Rd2 Qd5 19. Qf3 Qxf3 20.
Nxf3 Bf6 21. Rc1 Rac8 22. Bd6 Rfd8 23. Bxc5 Bxf3 24. gxf3 Rd5 25. b4 a5 26. a3
axb4 27. axb4 dxe3 28. Rxd5 e2 29. Re1 Re8 30. Be3 Bc3 31. Bd2 Bxd2 32. Rxd2
Rb8 33. Rdxe2 1-0

[Event "V Weekend A Dicembrino"]
[Site "Vimercate ITA"]
[Date "2011.11.27"]
[Round "5"]
[White "Lapiccirella, Daniele"]
[Black "Motola, Jacopo"]
[WhiteElo "2234"]
[BlackElo "1903"]
[Result "1/2-1/2"]
[PlyCount "29"]
[EventDate "2011.11.25"]

1. d4 d5 2. c4 dxc4 3. Nf3 a6 4. a4 Nc6 5. e3 Na5 6. Nbd2 Be6 7. Ng5 Bf5 8.
Nxc4 Nxc4 9. Bxc4 e6 10. Nf3 Nf6 11. O-O Bd6 12. h3 O-O 13. Qe2 c5 14. Rd1 Qe7
15. b3 1/2-1/2

[Event "V Weekend A Dicembrino"]
[Site "Vimercate ITA"]
[Date "2011.11.27"]
[Round "5"]
[White "Lipari, Alberto"]
[Black "Mondal, Prince"]
[WhiteElo "1652"]
[BlackElo "1786"]
[Result "0-1"]
[PlyCount "82"]
[EventDate "2011.11.25"]

1. c4 c5 2. g3 Nf6 3. Bg2 Nc6 4. Nf3 d5 5. cxd5 Nxd5 6. Nc3 Nc7 7. O-O e5 8. d3
Be7 9. Qc2 Be6 10. a3 O-O 11. h4 f6 12. Nh2 Nd4 13. Qa4 Bb3 14. Qc4+ Bxc4 15.
dxc4 Rb8 16. Rd1 Qc8 17. f4 Nb3 18. Rb1 Nxc1 19. Rbxc1 exf4 20. Rd3 fxg3 21.
Nf1 b5 22. Rxg3 b4 23. Bh3 Qa6 24. Nb5 Nxb5 25. cxb5 Rxb5 26. Re3 Qb7 27. Bg2
Qc7 28. axb4 f5 29. Re6 Rb6 30. Bd5 Rxe6 31. Bxe6+ Kh8 32. Rc4 Rf6 33. Bd5 Rg6+
34. Kf2 Rg4 35. Rc3 Bxh4+ 36. Ke3 Qe5+ 37. Kd2 Qxd5+ 38. Rd3 Rd4 39. Ne3 Rxd3+
40. exd3 Bg5 41. Ke2 Bxe3 0-1

[Event "V Weekend A Dicembrino"]
[Site "Vimercate ITA"]
[Date "2011.11.27"]
[Round "5"]
[White "Mandaglio, Luca"]
[Black "Attuati, Luca"]
[WhiteElo "1769"]
[BlackElo "1427"]
[Result "1/2-1/2"]
[PlyCount "96"]
[EventDate "2011.11.25"]

1. d4 d5 2. c4 dxc4 3. e3 Nf6 4. Bxc4 e6 5. Nf3 Bd6 6. Nc3 O-O 7. O-O a6 8. a3
b5 9. Bd3 Bb7 10. b4 Nbd7 11. Bb2 Rc8 12. e4 Be7 13. Qc2 h6 14. Rfd1 Nb6 15.
Nd2 Nh5 16. g3 Nf6 17. Nb3 Qe8 18. Nc5 Bxc5 19. dxc5 Nc4 20. Bxc4 bxc4 21. f3
Bc6 22. Rd4 Nd7 23. Nd1 Ne5 24. Qc3 f6 25. Nf2 Ba4 26. f4 Nd3 27. Nxd3 cxd3 28.
Rxd3 Rd8 29. Re1 Qb5 30. Rd4 Rd7 31. Rd2 Rfd8 32. Ree2 Rd3 33. Qc1 Rxd2 34.
Rxd2 Rxd2 35. Qxd2 Qb8 36. f5 e5 37. Qd5+ Kh8 38. g4 Qb5 39. Kf2 Qd7 40. h4 Bc6
41. Qxd7 Bxd7 42. Bc1 Kh7 43. g5 h5 44. g6+ Kg8 45. Ke3 Bb5 46. Kd2 Bc6 47. Ke3
Bb5 48. Bd2 Kf8 1/2-1/2

[Event "V Weekend A Dicembrino"]
[Site "Vimercate ITA"]
[Date "2011.11.27"]
[Round "5"]
[White "Marino, Marco"]
[Black "Grassi, Andrea"]
[WhiteElo "1779"]
[BlackElo "1670"]
[Result "1-0"]
[PlyCount "63"]
[EventDate "2011.11.25"]

1. e4 c5 2. Nf3 Nc6 3. c3 Nf6 4. e5 Ng4 5. d4 cxd4 6. cxd4 Qb6 7. Nc3 g6 8. h3
Nh6 9. g4 Bg7 10. Bg2 e6 11. O-O O-O 12. Ne4 Kh8 13. Rb1 Ng8 14. Be3 Qc7 15.
Qd2 Nce7 16. Rbc1 Qd8 17. Nd6 f6 18. Rc2 b6 19. exf6 Bxf6 20. Ne5 Bxe5 21. dxe5
Ba6 22. Rfc1 Rb8 23. Bg5 b5 24. Rc7 Kg7 25. Qd4 Nc6 26. R1xc6 Qxg5 27. Ne4 Qf4
28. Rxd7+ Kh8 29. Rcc7 Ne7 30. Rxe7 Rb7 31. Rxb7 Qc1+ 32. Bf1 1-0

[Event "V Weekend A Dicembrino"]
[Site "Vimercate ITA"]
[Date "2011.11.27"]
[Round "5"]
[White "Marzo, Matteo"]
[Black "Marchesotti, Giovanni"]
[WhiteElo "1603"]
[BlackElo "1597"]
[Result "1/2-1/2"]
[PlyCount "41"]
[EventDate "2011.11.25"]

1. e4 d6 2. d4 g6 3. c4 Bg7 4. Nf3 c6 5. Bd3 Nf6 6. Nc3 O-O 7. h3 Nbd7 8. O-O
e5 9. d5 cxd5 10. cxd5 Nc5 11. Re1 Nxd3 12. Qxd3 Bd7 13. Bd2 b6 14. Rac1 Qe7
15. Ne2 Rfc8 16. Ng3 a5 17. Rxc8+ Bxc8 18. Rc1 Ba6 19. Qb3 Qd8 20. Rc6 b5 21.
Be3 1/2-1/2

[Event "V Weekend A Dicembrino"]
[Site "Vimercate ITA"]
[Date "2011.11.27"]
[Round "5"]
[White "Miracola, Giorgia"]
[Black "Miracola, Massimiliano"]
[WhiteElo "1763"]
[BlackElo "2007"]
[Result "1-0"]
[PlyCount "59"]
[EventDate "2011.11.25"]

1. e4 c5 2. Nf3 d6 3. d4 cxd4 4. Nxd4 Nf6 5. Nc3 g6 6. Be3 Bg7 7. f3 Nc6 8. Qd2
O-O 9. O-O-O Nxd4 10. Bxd4 Be6 11. Kb1 Qc7 12. g4 Rfc8 13. h4 Qa5 14. g5 Nh5
15. Bxg7 Kxg7 16. Qd4+ Kg8 17. Nd5 Bxd5 18. exd5 Qc5 19. Qd2 a5 20. Bh3 Rc7 21.
Bg4 a4 22. Rhe1 a3 23. b3 Rac8 24. Bxc8 Rxc8 25. Rxe7 Nf4 26. c4 Nh5 27. Rxb7
Ng7 28. Rb5 Qc7 29. Ra5 Re8 30. Re1 1-0

[Event "V Weekend A Dicembrino"]
[Site "Vimercate ITA"]
[Date "2011.11.27"]
[Round "5"]
[White "Moroni, Luca jr"]
[Black "Gemelli, Giovanni"]
[WhiteElo "2030"]
[BlackElo "1759"]
[Result "1-0"]
[PlyCount "69"]
[EventDate "2011.11.25"]

1. e4 c5 2. Nf3 Nc6 3. d4 cxd4 4. Nxd4 Nf6 5. Nc3 d6 6. Be2 e5 7. Nb3 Be7 8.
Be3 O-O 9. O-O a5 10. a3 Be6 11. Nd2 d5 12. exd5 Nxd5 13. Nxd5 Bxd5 14. Nc4
Bxc4 15. Bxc4 Qc7 16. c3 Bd6 17. Qh5 Kh8 18. Bd3 g6 19. Qh4 f5 20. Bh6 Be7 21.
Qc4 Rf6 22. b4 e4 23. Be2 Bd6 24. h3 Re8 25. b5 Ne5 26. Qxc7 Bxc7 27. c4 b6 28.
Be3 Nd7 29. Rad1 Bd6 30. Rd5 f4 31. Bd4 Ne5 32. Rd1 f3 33. gxf3 exf3 34. Bf1
Rfe6 35. Rxd6 1-0

[Event "V Weekend A Dicembrino"]
[Site "Vimercate ITA"]
[Date "2011.11.27"]
[Round "5"]
[White "Orsucci, Marzio"]
[Black "Gianini, Gianluca"]
[WhiteElo "1666"]
[BlackElo "1484"]
[Result "1-0"]
[PlyCount "78"]
[EventDate "2011.11.25"]

1. e4 c5 2. Nf3 d6 3. d4 b6 4. Be2 Nf6 5. Nc3 e6 6. O-O Be7 7. e5 dxe5 8. dxe5
Qxd1 9. Rxd1 Nfd7 10. Nb5 Na6 11. Nd6+ Bxd6 12. exd6 O-O 13. Bf4 h6 14. Ne5
Nxe5 15. Bxe5 Rd8 16. d7 Bb7 17. Bxa6 Bxa6 18. Bc7 Bb5 19. Bxd8 Rxd8 20. Rd6
Kf8 21. Rad1 Ke7 22. b3 Be2 23. R1d2 f5 24. f3 g6 25. c4 b5 26. Kf2 bxc4 27.
Kxe2 c3 28. R2d3 e5 29. Rxg6 c2 30. Kd2 e4 31. fxe4 fxe4 32. Rd5 e3+ 33. Kxc2
h5 34. Rdd6 Kf7 35. Rge6 Rxd7 36. Rxd7+ Kxe6 37. Rxa7 Kf5 38. Kd3 c4+ 39. bxc4
Kf4 1-0